00524 2200193 4500001002100000005001500021035002000036245005600056100003900112250000600151300002200157856004500179260003400224082000800258084001400266020001800280600001700298990001500315INLIS00000000000314020251118102550 a0010-11250000011 aIstri Salehah /cProf. Dr. M. Mutawalli Asy-Syarawi0 aProf. Dr. M. Mutawalli Asy-Syarawi a1 a169 ;c12 x 18 cm aRuang Baca Umum No Klas 800 ( Rak 3,4,5) aJakarta :bGema Insani,c2001 a813 a813 PRO i a979-561-691-9 4aFiksi islami a19591/H/26